000 00332nam a2200133Ia 4500
005 20260328104345.0
008 260328s9999||||xx |||||||||||||| ||und||
100 _aVarious
245 0 _aBiblioteca Atrium de la Construcción /
_cVarious
260 _bOcéano/Centrum
300 _a151 p.
650 _aCONSTRUCCIÓN
942 _cREF
999 _c12280
_d12280